Statements of the Floor: January - December 2021 (Record no. 1467)

MARC details
000 -LEADER
fixed length control field 00534nam a2200157Ia 4500
008 - FIXED-LENGTH DATA ELEMENTS--GENERAL INFORMATION
fixed length control field 240428s9999||||xx |||||||||||||| ||und||
041 ## - LANGUAGE CODE
Language code of text/sound track or separate title eng
082 ## - DEWEY DECIMAL CLASSIFICATION NUMBER
Classification number PG/SF/21
100 ## - MAIN ENTRY--PERSONAL NAME
Personal name Parliament of Ghana (Inter-Departmental Research and Information Group).
245 #0 - TITLE STATEMENT
Title Statements of the Floor: January - December 2021
260 ## - PUBLICATION, DISTRIBUTION, ETC.
Name of publisher, distributor, etc. Parliament of Ghana (Inter-Departmental Research and Information Group).
Place of publication, distribution, etc. Accra
Date of publication, distribution, etc. 2021
300 ## - PHYSICAL DESCRIPTION
Extent 104p.
650 ## - SUBJECT ADDED ENTRY--TOPICAL TERM
Topical term or geographic name entry element Statements of the Floor: January - December 2021
942 ## - ADDED ENTRY ELEMENTS (KOHA)
Koha item type Floor Statements
Holdings
Withdrawn status Lost status Damaged status Not for loan Home library Current library Shelving location Date acquired Total checkouts Full call number Date last seen Copy number Price effective from Koha item type
        Main Library Main Library Open Shelves 22/07/2022   PG/SF/21 1564 29/04/2024 1 29/04/2024 Floor Statements
©2026  Parliament of Ghana Library - All rights reserved